[Event "TCh-TUR 2nd League 2011"]
[Site "Konya TUR"]
[Date "2011.07.06"]
[Round "4"]
[White "Mikadze, Miranda"]
[Black "Savina, Anastasia"]
[Result "1/2-1/2"]
[WhiteTitle "WIM"]
[BlackTitle "WGM"]
[WhiteElo "2345"]
[BlackElo "2398"]
[WhiteTeam "Akdeniz Belediyesi Mersin"]
[BlackTeam "Kahramanmaras Belediye"]
[WhiteFideId "13603108"]
[BlackFideId "4196872"]
[EventDate "2011.07.04"]

1. e4 c5 2. c3 d5 3. exd5 Qxd5 4. d4 Nf6 5. Nf3 Bg4 6. dxc5 Qxd1+ 7. Kxd1 e5 8.
b4 e4 9. h3 Bh5 10. g4 Nxg4 11. hxg4 Bxg4 12. Nd2 exf3 13. Bd3 a5 14. Re1+ Be6
15. Nxf3 axb4 16. cxb4 Nc6 17. Bd2 Be7 18. b5 1/2-1/2

[Event "TCh-TUR 2nd League 2011"]
[Site "Konya TUR"]
[Date "2011.07.06"]
[Round "4"]
[White "Metin, Oguz"]
[Black "Okay, Arda Efe"]
[Result "1-0"]
[WhiteElo "2002"]
[BlackElo "1948"]
[WhiteTeam "Kahramanmaras Belediye"]
[BlackTeam "Akdeniz Belediyesi Mersin"]
[WhiteFideId "6307850"]
[BlackFideId "6310109"]
[EventDate "2011.07.04"]

1. d4 Nf6 2. c4 g6 3. Nf3 Bg7 4. g3 O-O 5. Bg2 d6 6. O-O Nc6 7. Nc3 a6 8. Qc2 e5
9. d5 Na5 10. Nd2 c5 11. a3 b6 12. b4 Nb7 13. Bb2 Ne8 14. Nd1 f5 15. e3 Bd7 16.
Re1 Rc8 17. Qb3 b5 18. Bf1 Qb6 19. Bc3 a5 20. cxb5 Qa7 21. bxa5 Nxa5 22. Qa4 Ra8
23. Nc4 Nc7 24. Qxa5 Qb8 25. Qb6 1-0

[Event "TCh-TUR 2nd League 2011"]
[Site "Konya TUR"]
[Date "2011.07.06"]
[Round "4"]
[White "Okay, Ilkin Ege"]
[Black "Ozdover, Mustafa Berkay"]
[Result "1-0"]
[WhiteElo "1977"]
[BlackElo "1842"]
[WhiteTeam "Akdeniz Belediyesi Mersin"]
[BlackTeam "Kahramanmaras Belediye"]
[WhiteFideId "6310117"]
[BlackFideId "6311482"]
[EventDate "2011.07.04"]

1. e4 d6 2. d4 g6 3. Nc3 Bg7 4. Bc4 Nc6 5. Nf3 Nf6 6. d5 Ne5 7. Nxe5 dxe5 8. O-O
O-O 9. Qe2 Nh5 10. Be3 a6 11. a4 Qd6 12. f3 Nf4 13. Qd2 Kh8 14. a5 f5 15. Na4
Qf6 16. Nc5 Rd8 17. Qf2 e6 18. dxe6 Nxe6 19. Bxe6 Bxe6 20. Bg5 Qxg5 21. Nxe6 Qe7
22. Nxd8 Rxd8 23. Rad1 Rf8 24. Qd2 Qc5+ 25. Kh1 Qb5 26. exf5 gxf5 27. b3 Qc6 28.
Qd5 Qxc2 29. Qxb7 Qe2 30. Rfe1 Qf2 31. Qxa6 Qh4 32. Qb7 e4 33. g3 Qh5 34. Rf1 e3
35. Qb5 Qf7 36. Rfe1 f4 37. g4 c6 38. Qb6 Qe6 39. a6 Re8 40. a7 1-0

[Event "TCh-TUR 2nd League 2011"]
[Site "Konya TUR"]
[Date "2011.07.06"]
[Round "4"]
[White "Dai, Irmak"]
[Black "Temel, Burcu Melis"]
[Result "0-1"]
[WhiteElo "1511"]
[BlackElo "1595"]
[WhiteTeam "Kahramanmaras Belediye"]
[BlackTeam "Akdeniz Belediyesi Mersin"]
[WhiteFideId "6336426"]
[BlackFideId "6345492"]
[EventDate "2011.07.04"]

1. e4 c5 2. Nf3 Nc6 3. d4 cxd4 4. Nxd4 g6 5. Nc3 Bg7 6. Be3 Nf6 7. f3 O-O 8. Qd2
d5 9. Nb3 dxe4 10. fxe4 Qxd2+ 11. Nxd2 Nb4 12. Bd3 Rd8 13. Ke2 Bg4+ 14. Nf3 Nd7
15. Bd2 Ne5 16. h3 Bxf3+ 17. gxf3 Nbxd3 18. cxd3 Rxd3 19. f4 Rad8 20. Nd5 e6 21.
fxe5 Rxd2+ 22. Kxd2 exd5 23. exd5 Rxd5+ 24. Kc2 Rxe5 25. Rae1 Rc5+ 26. Kb1 Bf6
27. Rhf1 Kg7 28. Rd1 Rc7 29. Rd3 b6 30. Rfd1 Re7 31. R3d2 Re3 32. Rh1 h5 33. Kc2
g5 34. Rg2 Kg6 35. Kd2 Re6 36. b3 Rd6+ 37. Ke3 Bd4+ 38. Kf3 Bc5 39. Ke2 Re6+ 40.
Kd2 Rd6+ 41. Kc2 Re6 42. Kd2 Rd6+ 43. Kc2 f6 44. Rd2 Re6 45. Rg2 a5 46. Kd2 Re5
47. Re2 Rd5+ 48. Kc2 Rf5 49. Rg2 Rf3 50. Kd2 Rf5 51. Kc2 Rf4 52. Kd2 f5 53. Re2
Kf6 54. Rg2 Rh4 55. Rg3 f4 56. Rf3 Be3+ 57. Rxe3 fxe3+ 58. Kxe3 g4 59. Rf1+ Kg5
60. hxg4 Rxg4 61. Rf2 h4 62. Rh2 Rg3+ 63. Kf2 Kg4 64. Rh1 h3 65. Rh2 Kf4 0-1

[Event "TCh-TUR 2nd League 2011"]
[Site "Konya TUR"]
[Date "2011.07.06"]
[Round "4"]
[White "Onischuk, Vladimir"]
[Black "Safarli, Eltaj"]
[Result "1/2-1/2"]
[WhiteTitle "IM"]
[BlackTitle "GM"]
[WhiteElo "2490"]
[BlackElo "2622"]
[WhiteTeam "Ankara Demir"]
[BlackTeam "Antalya Calli Antalya"]
[WhiteFideId "14114038"]
[BlackFideId "13402129"]
[EventDate "2011.07.04"]

1. Nf3 Nf6 2. g3 g6 3. Bg2 Bg7 4. O-O O-O 5. d3 d5 6. c3 c5 7. Nbd2 Nc6 8. e4 e5
9. Qe2 Re8 10. b3 b6 11. Bb2 Ba6 12. c4 dxc4 13. Nxc4 Nd7 14. Rac1 Nf8 15. Rfd1
f6 16. h4 h5 17. Ne3 Ne6 18. a3 Qd7 19. Nd5 Ne7 20. b4 Rac8 21. Ba1 Nxd5 22.
exd5 Nd4 23. Nxd4 cxd4 24. Rxc8 Bxc8 25. Qa2 Kh7 26. Rc1 Bb7 27. Bb2 Rd8 28. a4
Bf8 29. a5 Bxb4 30. a6 Ba8 31. Ba3 Bc3 32. d6 Bxg2 33. Kxg2 Qc6+ 34. Kg1 Kg7 35.
Qe6 Re8 36. Qb3 b5 37. Bb4 Qxa6 38. Qd5 Rd8 39. Qe6 Qc8 40. Qe7+ Kh6 41. Ba5 Rd7
42. Qxf6 Qe8 43. Bxc3 dxc3 44. Rxc3 Qd8 45. Qxe5 Rxd6 46. Qxb5 Kh7 47. Ra3 Qc7
48. Ra1 Qf7 49. Qc4 Qb7 50. Qe4 Qf7 51. Ra5 Kg8 52. Qa8+ Qf8 53. Qb7 Qf7 54.
Qxf7+ Kxf7 55. Rxa7+ Kf6 56. Ra3 Kf5 57. Kg2 Kf6 58. Kf3 Rd5 59. Ke3 Re5+ 60.
Kd2 Rf5 61. Ra6+ Kf7 62. Ke3 Re5+ 63. Kd4 Re2 64. Ra7+ Kf6 65. Ra6+ Kf7 66. Ra5
Rxf2 67. Rg5 Rf6 68. Kc5 Ke7 69. d4 Ra6 70. Re5+ Kd7 71. Kd5 Ra3 72. Rg5 Ra6 73.
Ke4 Ke7 74. Rc5 Ra3 75. Re5+ Kf6 76. Rg5 Ra6 77. Kd5 Ke7 78. Re5+ Kd7 79. Ke4
Ra3 80. Kf4 Rd3 81. d5 Rd4+ 82. Ke3 Ra4 83. Re4 Ra3+ 84. Kf4 Rd3 85. Re6 Rd4+
86. Kf3 g5 87. hxg5 Rxd5 88. Rg6 Ke7 89. Kf4 Kf7 90. Rh6 Rd4+ 91. Kf5 Rd5+ 92.
Kf4 Rd4+ 93. Ke5 Ra4 94. Rxh5 Kg6 95. Rh4 Ra5+ 96. Kf4 Rf5+ 97. Ke4 1/2-1/2

[Event "TCh-TUR 2nd League 2011"]
[Site "Konya TUR"]
[Date "2011.07.06"]
[Round "4"]
[White "Rasulov, Vugar Ural oglu"]
[Black "Kadimova, Ilaha"]
[Result "1-0"]
[WhiteTitle "GM"]
[BlackTitle "WGM"]
[WhiteElo "2522"]
[BlackElo "2331"]
[WhiteTeam "Antalya Calli Antalya"]
[BlackTeam "Ankara Demir"]
[WhiteFideId "13402390"]
[BlackFideId "13400045"]
[EventDate "2011.07.04"]

1. e4 c6 2. d4 d5 3. exd5 cxd5 4. Bd3 Nc6 5. c3 Nf6 6. Bf4 Bg4 7. Nf3 e6 8. Nbd2
Bd6 9. Bxd6 Qxd6 10. O-O O-O 11. Re1 Bh5 12. a4 Bg6 13. Bf1 Ne4 14. a5 a6 15.
Qb3 Qc7 16. Qa3 Nxd2 17. Nxd2 Rfe8 18. Qc5 Rac8 19. Re3 Qd8 20. Qa3 e5 21. Nb3
e4 22. Nc5 Qc7 23. Qb3 Nxa5 24. Qxd5 Rcd8 25. Nxa6 bxa6 26. Qxa5 Qb8 27. b4 f5
28. Rg3 Rd6 29. Bxa6 f4 30. Rg4 Rf6 31. Rg5 f3 32. Re5 Ref8 33. g3 Kh8 34. Bf1
Qc8 35. c4 Bf5 36. Qc5 Qd8 37. Ra7 Rd6 38. Rxf5 1-0

[Event "TCh-TUR 2nd League 2011"]
[Site "Konya TUR"]
[Date "2011.07.06"]
[Round "4"]
[White "Uzunoglu, Efe Kerem"]
[Black "Firat, Burak"]
[Result "0-1"]
[BlackTitle "IM"]
[WhiteElo "2064"]
[BlackElo "2373"]
[WhiteTeam "Ankara Demir"]
[BlackTeam "Antalya Calli Antalya"]
[WhiteFideId "6306276"]
[BlackFideId "6305881"]
[EventDate "2011.07.04"]

1. d4 Nf6 2. Bf4 g6 3. e3 Bg7 4. Nf3 O-O 5. Be2 d6 6. O-O Nfd7 7. h3 e5 8. Bh2
Qe7 9. c4 f5 10. Nc3 c6 11. b4 f4 12. c5 d5 13. Rc1 e4 14. Nd2 Bh6 15. Bxf4 Bxf4
16. exf4 Rxf4 17. Qb3 Kg7 18. b5 Nf8 19. bxc6 bxc6 20. Rb1 Qg5 21. Nd1 Ne6 22.
Qe3 Nd7 23. Bg4 Ndf8 24. f3 Ba6 25. Re1 h5 26. Bxe6 Nxe6 27. fxe4 Raf8 28. exd5
Nxd4 29. Qe7+ Qxe7 30. Rxe7+ Kh6 31. d6 Nf5 32. Rxa7 Bd3 33. Rbb7 Re8 34. Rh7+
Kg5 35. Rhe7 Nxe7 36. Rxe7 Rd8 37. Nf3+ Kf6 38. Nf2 Bf5 39. Ne5 Rb8 40. g3 Ra4
41. g4 Be6 42. g5+ Kxe5 43. Nd3+ Kd4 44. Rxe6 Kxd3 45. d7 Rd8 46. Rxc6 Rxd7 47.
Rf6 Rxa2 48. c6 Re7 0-1

[Event "TCh-TUR 2nd League 2011"]
[Site "Konya TUR"]
[Date "2011.07.06"]
[Round "4"]
[White "Ari, Zeki"]
[Black "Ahmedov, Ziya"]
[Result "1-0"]
[WhiteTitle "FM"]
[WhiteElo "2196"]
[BlackElo "2045"]
[WhiteTeam "Antalya Calli Antalya"]
[BlackTeam "Ankara Demir"]
[WhiteFideId "6300421"]
[BlackFideId "6309259"]
[EventDate "2011.07.04"]

1. c4 Nf6 2. Nc3 e6 3. d4 Be7 4. e4 O-O 5. e5 Ne8 6. f4 d6 7. Be3 b6 8. Qf3 c6
9. O-O-O Qc7 10. Bd3 f5 11. exf6 Nxf6 12. Nh3 e5 13. f5 exd4 14. Bxd4 Nbd7 15.
Rhe1 Ne5 16. Bxe5 dxe5 17. g4 Bb4 18. Ng5 Bxc3 19. bxc3 Rb8 20. Bc2 c5 21. Qg3
b5 22. Qxe5 Qxe5 23. Rxe5 Nxg4 24. Re7 Bxf5 25. Bxf5 Rxf5 26. Ne6 Rf7 27. Rdd7
Rxe7 28. Rxe7 Nxh2 29. Rxg7+ Kh8 30. Rxa7 h6 31. cxb5 Rxb5 32. a4 Rb6 33. Nxc5
Ng4 34. a5 Rc6 35. Ne4 Rc4 36. a6 Rc6 37. Kd2 h5 38. Ke2 h4 39. Kf3 Ne5+ 40. Kf4
Ng6+ 41. Kg4 Nf8 42. Rf7 Kg8 43. a7 Ra6 44. Rb7 1-0

[Event "TCh-TUR 2nd League 2011"]
[Site "Konya TUR"]
[Date "2011.07.06"]
[Round "4"]
[White "Arig, Busra"]
[Black "Yildiz, Betul Cemre"]
[Result "0-1"]
[BlackTitle "WIM"]
[WhiteElo "1791"]
[BlackElo "2282"]
[WhiteTeam "Ankara Demir"]
[BlackTeam "Antalya Calli Antalya"]
[WhiteFideId "6309356"]
[BlackFideId "6302920"]
[EventDate "2011.07.04"]

1. d4 Nf6 2. Nf3 e6 3. Bg5 c5 4. c3 d5 5. e3 Nbd7 6. Bd3 Be7 7. O-O b6 8. Nbd2
Bb7 9. Re1 O-O 10. Qb1 h6 11. Bh4 Rc8 12. e4 dxe4 13. Nxe4 cxd4 14. Nxd4 Nc5 15.
Nxc5 bxc5 16. Ne2 g5 17. Bg3 c4 18. Bc2 Qd5 19. f3 Bc5+ 20. Kh1 Qxf3 0-1

[Event "TCh-TUR 2nd League 2011"]
[Site "Konya TUR"]
[Date "2011.07.06"]
[Round "4"]
[White "Sipahioglu, Irmak"]
[Black "Bayrak, Kaan Baris"]
[Result "1-0"]
[WhiteElo "2092"]
[BlackElo "1825"]
[WhiteTeam "Antalya Calli Antalya"]
[BlackTeam "Ankara Demir"]
[WhiteFideId "6307205"]
[BlackFideId "6327907"]
[EventDate "2011.07.04"]

1. d4 e6 2. c4 f5 3. Nc3 b6 4. Nf3 Nf6 5. g3 Bb7 6. Bg2 Bb4 7. Qb3 Bxc3+ 8. Qxc3
O-O 9. O-O Ne4 10. Qc2 Nc6 11. Rd1 d5 12. cxd5 exd5 13. Bf4 Rc8 14. Rac1 Kh8 15.
Qa4 g5 16. Be5+ Nxe5 17. Nxe5 f4 18. Qxa7 fxg3 19. fxg3 Nd6 20. Qa3 Ra8 21. Qb3
Nc4 22. Nxc4 dxc4 23. Qxc4 Bxg2 24. Kxg2 Qe7 25. d5 Ra4 26. Qc3+ Kg8 27. Rc2
Qe4+ 28. Kg1 Qf5 29. d6 Re4 30. dxc7 Qf2+ 31. Kh1 Ree8 32. Qc4+ Kh8 33. Qd4+ 1-0

[Event "TCh-TUR 2nd League 2011"]
[Site "Konya TUR"]
[Date "2011.07.06"]
[Round "4"]
[White "Karabayir, Mustafa Yilmaz"]
[Black "Caliskan, Kerem"]
[Result "1-0"]
[WhiteElo "1881"]
[BlackElo "1752"]
[WhiteTeam "Ankara Demir"]
[BlackTeam "Antalya Calli Antalya"]
[WhiteFideId "6300090"]
[BlackFideId "6310699"]
[EventDate "2011.07.04"]

1. e4 c5 2. Nf3 d6 3. d4 cxd4 4. Qxd4 Nc6 5. Bb5 Bd7 6. Bxc6 Bxc6 7. Nc3 Nf6 8.
Bg5 Nd7 9. O-O-O Qb6 10. Qd2 h6 11. Be3 Qa5 12. Kb1 e6 13. Nd4 Nb6 14. Qe2 Na4
15. Nxa4 Bxa4 16. f4 O-O-O 17. f5 e5 18. Nb3 Bxb3 19. cxb3 Kb8 20. Qc4 Rd7 21.
Rc1 Be7 22. Qxf7 Rhd8 23. Qe6 Bf6 24. Rhd1 b6 25. Qc4 Kb7 26. b4 Qa4 27. b3 Qa3
28. Rd5 Bg5 29. Bxg5 hxg5 30. b5 Kb8 31. Rc3 Kb7 32. b4 Qa4 33. Kb2 a6 34. Ra3
axb5 35. Rxb5 1-0

[Event "TCh-TUR 2nd League 2011"]
[Site "Konya TUR"]
[Date "2011.07.06"]
[Round "4"]
[White "Zherebukh, Yaroslav"]
[Black "Jojua, Davit"]
[Result "1/2-1/2"]
[WhiteTitle "GM"]
[BlackTitle "GM"]
[WhiteElo "2590"]
[BlackElo "2505"]
[WhiteTeam "Tasduvar Ankara"]
[BlackTeam "Azdur Ordu"]
[WhiteFideId "14116804"]
[BlackFideId "13602543"]
[EventDate "2011.07.04"]

1. e4 c5 2. Nf3 e6 3. d4 cxd4 4. Nxd4 a6 5. Be2 Nf6 6. Nc3 d6 7. O-O Be7 8. f4
O-O 9. a4 Nc6 10. Kh1 Qc7 11. Be3 Rd8 12. Qe1 Nxd4 13. Bxd4 e5 14. Be3 exf4 15.
Bxf4 Be6 16. Qg3 Nd7 17. Bg4 Ne5 18. Bxe6 fxe6 19. Qh3 Qc8 20. Bxe5 dxe5 21. Qh5
Bf6 22. Rf3 Qd7 23. Raf1 Rf8 24. h4 Qe7 25. g3 Rad8 26. R1f2 g6 27. Qg4 Bg7 28.
Rxf8+ Rxf8 29. Rxf8+ Kxf8 30. Kg2 Bh6 31. Qf3+ Ke8 32. Qf2 Bc1 33. Qb6 Bd2 34.
Na2 g5 35. hxg5 Bxg5 36. Nc3 h5 37. Kf3 Qf7+ 38. Ke2 Qd7 39. Kf3 Qf7+ 40. Ke2
Qd7 41. Kf3 Qf7+ 1/2-1/2

[Event "TCh-TUR 2nd League 2011"]
[Site "Konya TUR"]
[Date "2011.07.06"]
[Round "4"]
[White "Sivri, Gorkem"]
[Black "Ozyilmaz, Arif"]
[Result "1/2-1/2"]
[WhiteElo "2207"]
[BlackElo "2155"]
[WhiteTeam "Azdur Ordu"]
[BlackTeam "Tasduvar Ankara"]
[WhiteFideId "6301266"]
[BlackFideId "6300596"]
[EventDate "2011.07.04"]

1. b3 c5 2. Bb2 Nc6 3. e3 Nf6 4. f4 g6 5. Nf3 Bg7 6. Bb5 O-O 7. Bxc6 bxc6 8. O-O
d6 9. d3 a5 10. a4 Ba6 11. Qe2 Rb8 12. Nbd2 Nd5 13. Bxg7 Kxg7 14. Ne4 Nf6 15.
Ned2 Nd5 16. Ne4 1/2-1/2

[Event "TCh-TUR 2nd League 2011"]
[Site "Konya TUR"]
[Date "2011.07.06"]
[Round "4"]
[White "Ikis, Melih Firat"]
[Black "Karagollu, Ahmet"]
[Result "0-1"]
[WhiteElo "1866"]
[BlackElo "1980"]
[WhiteTeam "Azdur Ordu"]
[BlackTeam "Tasduvar Ankara"]
[WhiteFideId "6327680"]
[BlackFideId "6307825"]
[EventDate "2011.07.04"]

1. c4 g6 2. d4 Nf6 3. Nc3 Bg7 4. e4 d6 5. f3 O-O 6. Be3 c6 7. Bd3 Nbd7 8. Nge2
e5 9. O-O Nh5 10. Qd2 f5 11. d5 f4 12. Bf2 c5 13. a3 g5 14. b4 b6 15. Nc1 Nhf6
16. Nb3 g4 17. Nb5 g3 18. hxg3 fxg3 19. Bxg3 Nh5 20. Bh2 Rf6 21. g3 Bh6 22. Qe2
Rg6 23. Kf2 a6 24. Nc3 Nf4 25. Qc2 Qg5 26. Ke1 Nxd3+ 27. Qxd3 Qh5 28. Ra2 Nf6
29. Raf2 Bd7 30. Ra2 Qg5 31. Rg1 Nh5 32. Ne2 Rf8 33. Nc3 Qe3+ 34. Qxe3 Bxe3 35.
Rf2 Bg4 36. Nd2 Bxf2+ 37. Kxf2 Bxf3 38. Ke3 Bg4 39. b5 axb5 40. cxb5 Rgf6 41.
Rg2 Bh3 42. Re2 Rg6 43. Nc4 Bf1 44. Nxb6 Bxe2 0-1

[Event "TCh-TUR 2nd League 2011"]
[Site "Konya TUR"]
[Date "2011.07.06"]
[Round "4"]
[White "Akinci, Muzaffer Ege"]
[Black "Gundogan, Cem"]
[Result "1-0"]
[WhiteElo "1886"]
[BlackElo "1823"]
[WhiteTeam "Tasduvar Ankara"]
[BlackTeam "Azdur Ordu"]
[WhiteFideId "6308961"]
[BlackFideId "6311032"]
[EventDate "2011.07.04"]

1. d4 d5 2. Nf3 Nf6 3. c4 c6 4. Nc3 dxc4 5. a4 Bf5 6. e3 e6 7. Bxc4 Bb4 8. O-O
O-O 9. Qb3 Qa5 10. Na2 Bd6 11. Bd2 Qc7 12. Bb4 Nbd7 13. h3 c5 14. Ba3 Be4 15.
Nc3 Bxf3 16. Nb5 Qc6 17. gxf3 Bb8 18. Kg2 Rc8 19. Rac1 a6 20. Nc3 Qc7 21. Rh1
cxd4 22. Ne2 Qe5 23. Bxe6 Qg5+ 24. Ng3 Bxg3 25. Bxf7+ Kh8 26. fxg3 dxe3 27. Qxb7
Rcb8 28. Qc7 Qf5 29. Rhe1 Ne5 30. Rxe3 Rc8 31. Qxe5 Rc2+ 32. Rxc2 Qxc2+ 33. Re2
Qxa4 34. Be7 Nd7 35. Qe4 1-0

[Event "TCh-TUR 2nd League 2011"]
[Site "Konya TUR"]
[Date "2011.07.06"]
[Round "4"]
[White "Kahya, Gizem"]
[Black "Akkalyoncu, Zeynep"]
[Result "1-0"]
[WhiteElo "1662"]
[BlackElo "1707"]
[WhiteTeam "Azdur Ordu"]
[BlackTeam "Tasduvar Ankara"]
[WhiteFideId "6336124"]
[BlackFideId "6315062"]
[EventDate "2011.07.04"]

1. e4 c5 2. Nf3 d6 3. d4 cxd4 4. Nxd4 Nf6 5. Nc3 a6 6. Be2 e5 7. Nf3 Be6 8. h3
Nc6 9. Be3 Be7 10. O-O O-O 11. Qd2 b5 12. a3 Qc7 13. Rad1 Rfd8 14. Ng5 d5 15.
exd5 Bxd5 16. Nxd5 Nxd5 17. Bd3 h6 18. Nf3 Nf6 19. Qc3 e4 20. Nd4 Rac8 21. Be2
Nxd4 22. Bxd4 Qb7 23. Qb3 Qc6 24. Bxf6 Bxf6 25. c3 Re8 26. Bg4 Rcd8 27. Rxd8
Rxd8 28. Rd1 Re8 29. Bd7 1-0

[Event "TCh-TUR 2nd League 2011"]
[Site "Konya TUR"]
[Date "2011.07.06"]
[Round "4"]
[White "Volokitin, Andrei"]
[Black "Ersahin, Bulent"]
[Result "1-0"]
[WhiteTitle "GM"]
[WhiteElo "2683"]
[BlackElo "2164"]
[WhiteTeam "Beyaz Kale Hatay"]
[BlackTeam "Net Satranc Antalya"]
[WhiteFideId "14107090"]
[BlackFideId "6302670"]
[EventDate "2011.07.04"]

1. e4 c5 2. Nf3 Nc6 3. d4 cxd4 4. Nxd4 Nf6 5. Nc3 e5 6. Ndb5 d6 7. Bg5 a6 8. Na3
b5 9. Bxf6 gxf6 10. Nd5 f5 11. g3 Rb8 12. Bg2 fxe4 13. Bxe4 Bg7 14. Qh5 Ne7 15.
c3 Nxd5 16. Bxd5 O-O 17. Nc2 Be6 18. Ne3 Bxd5 19. Nxd5 a5 20. Qf5 b4 21. O-O Re8
22. Qe4 bxc3 23. bxc3 Qd7 24. Ne3 Qe6 25. c4 Rb2 26. Rfb1 Re2 27. Re1 Rb2 28.
Nf5 Bf8 29. Reb1 Reb8 30. Rxb2 Rxb2 31. a3 Rb3 32. Rd1 Rc3 33. Rd5 a4 34. Kg2 h5
35. Ne3 Bh6 36. Nf5 Bf8 37. h4 Rc1 38. Qd3 Qc8 39. Ne3 Qb7 40. Kh2 Bh6 41. Nf5
Bf8 42. Qd2 Qb1 43. Qg5+ Kh8 44. Qxh5+ Kg8 45. Qg4+ Kh8 46. Ne3 Rh1+ 47. Kg2
Rg1+ 48. Kf3 Qb7 49. Qh5+ Kg8 50. Qg5+ Kh8 51. Kg4 Qc8+ 52. Kh5 Qe6 53. Rb5 Kh7
54. Rb7 Bg7 55. Qf5+ Qg6+ 56. Qxg6+ fxg6+ 57. Kg5 Ra1 58. Nd5 1-0

[Event "TCh-TUR 2nd League 2011"]
[Site "Konya TUR"]
[Date "2011.07.06"]
[Round "4"]
[White "Topel, Zehra"]
[Black "Duman, Nihal"]
[Result "1-0"]
[WhiteTitle "WIM"]
[WhiteElo "2231"]
[BlackElo "1835"]
[WhiteTeam "Beyaz Kale Hatay"]
[BlackTeam "Net Satranc Antalya"]
[WhiteFideId "6302661"]
[BlackFideId "6315135"]
[EventDate "2011.07.04"]

1. d4 Nf6 2. c4 g6 3. Nc3 Bg7 4. e4 d6 5. f3 O-O 6. Be3 a5 7. Qd2 Na6 8. Nge2 c5
9. d5 Nc7 10. g4 e5 11. Ng3 Bd7 12. a4 Na6 13. h4 b5 14. Nxb5 Bxb5 15. cxb5 Nb4
16. h5 Rc8 17. b3 Rc7 18. Rc1 Qd7 19. Bh3 Qe7 20. g5 Ne8 21. hxg6 fxg6 22. Be6+
Rf7 23. Rc3 Kf8 24. Rxh7 Rxf3 25. Qh2 Rxe3+ 26. Rxe3 Qxg5 27. Rf3+ Nf6 28. Qd2 1-0

[Event "TCh-TUR 2nd League 2011"]
[Site "Konya TUR"]
[Date "2011.07.06"]
[Round "4"]
[White "Sari, Yasin"]
[Black "Buyukasik, Diyap"]
[Result "1/2-1/2"]
[WhiteElo "1800"]
[BlackElo "1994"]
[WhiteTeam "Net Satranc Antalya"]
[BlackTeam "Beyaz Kale Hatay"]
[WhiteFideId "6320902"]
[BlackFideId "6319602"]
[EventDate "2011.07.04"]

1. e4 c5 2. Nf3 d6 3. d4 cxd4 4. Nxd4 Nf6 5. Nc3 a6 6. Bg5 e6 7. f4 Qb6 8. Qd2
Nbd7 9. O-O-O Be7 10. Bc4 Nc5 11. Rhe1 h6 12. Bh4 Qb4 13. Qe2 Bd7 14. a3 Qa5 15.
Nb3 Nxb3+ 16. Bxb3 O-O-O 17. e5 dxe5 18. fxe5 Ng8 19. Bxe7 Nxe7 20. Ne4 Kb8 21.
Nd6 Rhf8 22. Rf1 Nf5 23. Nxf5 exf5 24. Qe1 Qxe1 25. Rfxe1 Be6 26. Rd6 Rfe8 27.
Bxe6 fxe6 28. Red1 Kc7 29. c4 g5 30. b4 h5 31. h4 Rxd6 32. exd6+ Kd7 33. hxg5
Rg8 34. c5 Rxg5 35. Rd2 h4 36. Kb2 f4 37. Kb3 Rd5 38. Rf2 e5 39. Kc4 Rd4+ 40.
Kc3 Re4 41. Rf3 Re2 42. Rh3 Rxg2 43. Rxh4 Rg3+ 44. Kc4 f3 45. Kd5 f2 46. Rh7+
Ke8 47. d7+ Kd8 48. Rf7 f1=Q 49. Rxf1 Kxd7 50. Rf7+ Kc8 51. Rf8+ Kc7 52. Rf7+
Kc8 53. Rf8+ Kc7 54. Rf7+ Kc8 55. Kxe5 Rxa3 56. Rf8+ Kc7 57. Kd4 Rh3 58. Rf6
Rh4+ 59. Kc3 1/2-1/2

[Event "TCh-TUR 2nd League 2011"]
[Site "Konya TUR"]
[Date "2011.07.07"]
[Round "5"]
[White "Zhigalko, Sergei"]
[Black "Kobalia, Mikhail"]
[Result "1/2-1/2"]
[WhiteTitle "GM"]
[BlackTitle "GM"]
[WhiteElo "2689"]
[BlackElo "2679"]
[WhiteTeam "Kahramanmaras Belediye"]
[BlackTeam "Ceyhan Belediye Adana"]
[WhiteFideId "13502956"]
[BlackFideId "4119150"]
[EventDate "2011.07.04"]

1. d4 d5 2. c4 c6 3. Nf3 Nf6 4. e3 e6 5. b3 c5 6. Bb2 cxd4 7. exd4 b6 8. Bd3 Bb7
9. O-O Be7 10. Qe2 Nc6 11. Nbd2 Nb4 12. Bb1 O-O 13. Ne5 Rc8 14. Ndf3 Nd7 15. Rd1
g6 16. a3 Nc6 17. cxd5 Ncxe5 18. dxe5 Bxd5 19. b4 Bxf3 20. Qxf3 Qc7 21. Qe4 b5
22. Bd3 a6 23. a4 Nb6 24. axb5 axb5 25. Bxb5 Nd5 26. Ba6 Qc2 27. Qd4 Rcd8 28.
Bd3 Qb3 29. Bc4 1/2-1/2

[Event "TCh-TUR 2nd League 2011"]
[Site "Konya TUR"]
[Date "2011.07.07"]
[Round "5"]
[White "Ozturk, Emir"]
[Black "Ozkan, Ervin"]
[Result "1/2-1/2"]
[WhiteElo "2190"]
[BlackElo "2219"]
[WhiteTeam "Kahramanmaras Belediye"]
[BlackTeam "Ceyhan Belediye Adana"]
[WhiteFideId "6302408"]
[BlackFideId "6306004"]
[EventDate "2011.07.04"]

1. d4 d5 2. c4 c6 3. Nf3 Nf6 4. Nc3 a6 5. e3 b5 6. cxd5 cxd5 7. Bd2 e6 8. Bd3
Bd6 9. O-O Nbd7 10. e4 dxe4 11. Nxe4 Nxe4 12. Bxe4 Ra7 13. Rc1 Bb7 14. Bxb7 Rxb7
15. d5 e5 16. Ba5 Qb8 17. Rc6 O-O 18. Qc2 Nf6 19. g3 e4 20. Nd4 Nxd5 21. Rxa6
Nf6 22. Nf5 Be5 23. Bb4 Re8 24. Rc6 Rc7 25. Ne7+ Kh8 26. Rc1 Rxc6 27. Nxc6 Qc7
28. Qe2 Qb7 29. Rc5 Bd6 30. Qxb5 Qd7 31. Rf5 Rc8 32. Bxd6 Rxc6 33. Bf4 Qd1+ 34.
Qf1 Qf3 35. Qe1 Rc2 36. Rb5 h6 1/2-1/2

[Event "TCh-TUR 2nd League 2011"]
[Site "Konya TUR"]
[Date "2011.07.07"]
[Round "5"]
[White "Ertan, Can"]
[Black "Yalim, Suleyman"]
[Result "1-0"]
[WhiteElo "2201"]
[BlackElo "2129"]
[WhiteTeam "Ceyhan Belediye Adana"]
[BlackTeam "Kahramanmaras Belediye"]
[WhiteFideId "6306330"]
[BlackFideId "6301665"]
[EventDate "2011.07.04"]

1. e4 c5 2. Nf3 d6 3. c3 Nf6 4. Qc2 Nc6 5. d4 cxd4 6. cxd4 g6 7. d5 Nb8 8. Bb5+
Bd7 9. Nc3 Bg7 10. O-O O-O 11. h3 Bxb5 12. Nxb5 Nbd7 13. Re1 Rc8 14. Qe2 a6 15.
Nc3 Nc5 16. Bd2 a5 17. Rad1 Nfd7 18. Rc1 Re8 19. Bf4 Qb6 20. Be3 Qd8 21. Nd4 h6
22. Red1 Nf6 23. f3 Ncd7 24. Na4 Nc5 25. Qb5 Nfd7 26. Rc4 Nxa4 27. Rxa4 Ra8 28.
b4 Ra6 29. Rxa5 Rxa5 30. bxa5 Nc5 31. Rc1 Qa8 32. Nb3 Na6 33. Qd7 Kh7 34. Bb6
Bf6 35. Rc4 Kg7 36. f4 Kh7 37. g3 Kg8 38. h4 h5 39. Kg2 Kf8 40. f5 Nb8 41. Qxe8+ 1-0